000 00312nam a2200121Ia 4500
008 240624s9999 xx 000 0 und d
041 _aeng
082 _a658.8 STE
100 _aSTEIDL PETER
245 _aWALKING THE GIANT REVITALISING THE MATUR
260 _c2009
_aAustralia
_bJohn Wiley & Sons
365 _c
_b27
999 _c15471
_d15471